| Tag |
First Indicator |
Second Indicator |
Subfields |
| LEADER |
00000pam a2200000 a 4500 |
| 001 |
in00000097492 |
| 005 |
20150924085143.0 |
| 008 |
810820m1982 enk b 00100 eng |
| 010 |
|
|
|a 81013064
|
| 020 |
|
|
|a 0471100382 (v. 1) :
|c $50.00 (est.)
|
| 035 |
|
|
|a (OCoLC)07739727
|
| 035 |
|
|
|9 AAK9113AM
|
| 039 |
0 |
|
|a 2
|b 3
|c 3
|d 3
|e 3
|
| 040 |
|
|
|a DLC
|c DLC
|d UtOrBLW
|
| 049 |
|
|
|a TXAM
|v 1 [933545]
|
| 050 |
0 |
0 |
|a HN49 C6
|b P76 1982
|
| 082 |
0 |
|
|a 307.7/2
|2 19
|
| 245 |
0 |
0 |
|a Progress in rural extension and community development /
|c edited by Gwyn E. Jones, Maurice J. Rolls.
|
| 264 |
|
1 |
|a Chichester ;
|a New York :
|b Wiley,
|c [1982-]
|
| 264 |
|
4 |
|c ©1982-
|
| 300 |
|
|
|a volumes ;
|c 24 cm.
|
| 336 |
|
|
|a text
|b txt
|2 rdacontent
|
| 337 |
|
|
|a unmediated
|b n
|2 rdamedia
|
| 338 |
|
|
|a volume
|b nc
|2 rdacarrier
|
| 504 |
|
|
|a Includes bibliographies and indexes.
|
| 505 |
1 |
|
|a v. 1. Extension and relative advantage in rural development.
|
| 650 |
|
0 |
|a Rural development.
|
| 700 |
1 |
|
|a Jones, Gwyn Evans.
|
| 700 |
1 |
|
|a Rolls, Maurice John.
|
| 999 |
|
|
|a MARS
|
| 999 |
f |
f |
|s 4d0fb607-de0f-3113-ab2e-279f85f6ebb8
|i a5e52604-ceb8-3a63-852b-f72896d7c180
|t 0
|
| 952 |
f |
f |
|p ric
|a Texas A&M University
|b Rellis Campus
|c Joint Library Facility
|d Remote Storage
|t 0
|e HN49 C6 P76 1982
|h Library of Congress classification
|i unmediated -- volume
|m A14806039698
|
| 998 |
f |
f |
|a HN49 C6 P76 1982
|s V.1
|t 0
|l Remote Storage
|